| 000 | 01007pam a2200301 a 4500 | ||
|---|---|---|---|
| 001 | 477 | ||
| 003 | FISKH | ||
| 005 | 20230426130623.0 | ||
| 008 | 821123s1983 ilua j 000 1 eng | ||
| 010 | _a 82022228 | ||
| 020 | _a0516020390 (lib. bdg.) | ||
| 040 |
_aDLC _cDLC _dDLC |
||
| 042 | _alcac | ||
| 050 | 0 | 0 |
_aPZ7.J63416 _bWai 1983 |
| 082 | 0 | 0 |
_a160 _219 |
| 100 | 1 |
_aJohnson, Mildred D. _q(Mildred Dawes) |
|
| 245 | 1 | 0 |
_aWait, skates! / _cby Mildred D. Johnson ; illustrations by Tom Dunnington ; prepared under the direction of Robert Hillerich. |
| 260 |
_aChicago : _bChildrens Press, _cc1983. |
||
| 300 |
_a31 pages : _bcolor illustrations : _c19 cm. |
||
| 440 | 2 | _aA Rookie reader | |
| 520 | _aA child putting on roller skates for the first time finally teaches them to wait. | ||
| 521 | 8 |
_a180
_bLexile |
|
| 521 | 8 |
_aB
_bRaz-Plus |
|
| 650 | 1 |
_aRoller skating _xFiction. |
|
| 700 | 1 |
_aDunnington, Tom, _eill. |
|
| 906 |
_a7 _bcbc _corignew _d1 _eocip _f19 _gy-gencatlg |
||
| 942 |
_2ddc _cBK _n0 |
||
| 999 |
_c477 _d477 |
||